000 00707nam a2200253Ia 4500
003 OSt
005 20220927111120.0
006 a|||||r|||| 00| 0
007 ta
008 220926b |||||||| |||| 00| 0 eng d
024 _a89272
037 _cReports
040 _aRTL
_cRTL
_beng
041 _2eng
_aeng
082 _a"X9(J).277Ns, L7"
110 _a"NAGALAND, AGRICULTURE (D/O)."
_9381464
245 0 _aReport on the Agricultural census of Nagaland
260 _aKohima
_bGovt Press
_c1976
300 _a291p.
_ccm.
650 _aAgricultural Industry
700 _a"NAGALAND, AGRICULTURE (D/O)."
_9381465
942 _h"X9(J).277Ns, L7"
_cCC
999 _c698728
_d698728